Responses for Show #1316 - Monday, April 30, 1990

Missing introductions.

Contestants

[<< previous game]

Jay Haas, an investment advisor from Philadelphia, Pennsylvania

Paula Massengale, a bookkeeper from San Antonio, Texas

Bruce Harris, from San Rafael, California (whose 3-day cash winnings total $25,600)

[next game >>]

Jeopardy! Round responses

WORD ORIGINS
GEOGRAPHY
SONGS BY THE NUMBERS
SIGNS & SYMBOLS
NOTORIOUS
COMPLETES THE FILM TITLE
    $100 16
naive

Bruce
    $100 1
Austria

Bruce
    $100 11
a thousand

Paula
    $100 25
ace, king, queen & jack

Bruce
    $100 21
a pirate

Paula
    $100 6
Afternoon

Paula
    $200 17
platonic

Paula
    $200 2
Soweto

Bruce
    $200 12
seventeen

Paula
    $200 26
(Alex: We have less than a minute to go.)

construction

Paula
    $200 22
Belle Starr

Paula
    $200 7
Wife

Paula
    $300 18
utopia

Bruce
    $300 3
Norway

Bruce
    $2,300 13
[The song was not reprised going into the break.]

"Eight Days A Week"

Paula
    $300 27
grave

Bruce
    $300 23
(Paula: What is [*]?)
(Alex: Yes.)
[Judges buzzer heard]
(Alex: Oh, sorry, I need more on that last clue--Siegel and Moran had these nicknames; I'll need one more.)
(Paula: Oh! [*] Siegel and... I don't know.)
...
(Alex: [*] Siegel and [**] Moran.)

Bugsy & Bugs

BrucePaula
    $300 8
I'm Feelin' So Sad

Paula
    $400 19
a robot

Bruce
    $400 4
the Baltic

Jay
    $400 14
Two

Paula
    $400 28
foxtrot & tango

Paula
    $400 9
Wild Bikini

Paula
    $500 20
(Jay: What is a rugby shirt?)

a jersey

PaulaJay
    $500 5
the Galápagos

Paula
    $500 15
two out of three

Bruce
    $500 29
[The end-of-round signal sounds.]

the capital

Paula
    $500 24
Messalina

Bruce
    $500 10
(Alex: You ran the category, well done; you've been to the movies often, I take it.)
[Applause]
(Paula: You're right.)

Europe

Paula

Scores at the first commercial break (after clue 13):

Bruce Paula Jay
$600 $4,600 $400

Scores at the end of the Jeopardy! Round:

Bruce Paula Jay
$3,100 $6,800 -$100

Double Jeopardy! Round responses

WORLD HISTORY
BLACK AMERICA
RELIGION
LITERATURE
SCIENCE
CZECH, PLEASE
    $200 2
the Falklands War

Bruce
    $200 1
Famous Amos

Bruce
    $200 8
Anglicans

Bruce
    $200 18
(Jay: Who is Pickwick?)
(Paula: Who is the vicar?)

David Copperfield

PaulaJay
Triple Stumper
    $200 26
oxygen

Paula
    $200 11
red, white & blue

Jay
    $400 3
the Ming Dynasty

Jay
    $400 7
Alex Haley

Paula
    $400 17
a prayer wheel

Bruce
    $400 19
the Wedding

Paula
    $400 27
2

Bruce
    $400 13
9

Jay
    $600 4
Canada

Bruce
    $600 9
(David) Dinkins

Jay
    $600 23
Purim

Triple Stumper
    $600 20
Sinclair Lewis

Bruce
    $600 28
coal

Bruce
    $600 14
Bohemian

Paula
    $2,000 5
(Bruce: Who is Henry VIII?)

Henry VII

Bruce
    $800 10
Paul Robeson

Paula
    $800 24
predestination

Bruce
    $800 21
Horatio Alger

Bruce
    $800 29
rhesus monkeys

Paula
    $3,000 15
Shirley Temple (Black)

Paula
    $1000 6
the Ottoman Empire

Bruce
    $1000 12
Carl Rowan

Bruce
    $1000 25
(Alex: We have a minute to go in the round.)

All Souls' Day

Paula
    $1000 22
Alexander Pope

Triple Stumper
    $1000 30
(Jay: What are pines?)

cypress

Jay
Triple Stumper
    $1000 16
the Danube

Jay

Scores at the end of the Double Jeopardy! Round:

Bruce Paula Jay
$7,900 $13,800 $1,300

[wagering suggestions for these scores]

Final Jeopardy! Round responses

PRESIDENTS
(Alex: The man who not only did a great deal for the country, but also for his state, and the state was Virginia...)
JayWho was Madison?
$1,100
BruceWho was Teddy Roosevelt?
$5,299
PaulaWho is Jackson?
$4,000
Thomas Jefferson

Final scores:

Bruce Paula Jay
$2,601 $9,800 $200
2nd place: a trip on Malaysia Airline to Singapore & stay at the Mandarin Singapore New champion: $9,800 3rd place: La-Z-Boy recliner + NES with Family & Junior editions of Jeopardy! & Wheel of Fortune

Game dynamics:

Coryat scores:

Bruce Paula Jay
$9,900 $9,600 $1,300
23 R,
1 W
(including 1 DD)
25 R
(including 2 DDs),
2 W
6 R,
3 W

Combined Coryat: $20,800

[game clues] [game scores] [suggest correction]

Game tape date: 1989-12-11
The J! Archive is created by fans, for fans. Scraping, republication, monetization, and malicious use prohibited; this site may use cookies and collect identifying information. See terms. The Jeopardy! game show and all elements thereof, including but not limited to copyright and trademark thereto, are the property of Jeopardy Productions, Inc. and are protected under law. This website is not affiliated with, sponsored by, or operated by Jeopardy Productions, Inc. Join the discussion at JBoard.tv.